Statystyki dla Ośmiotysięczniki w Himalajach

Kliknij tutaj aby rozwiązać quiz!

Ogólne statystyki

  • Ten quiz został rozwiązany 43 razy
  • Średni wynik to 5 z 10

Statystyki odpowiedzi

Wysokość (m n.p.m)Szczyt% Poprawnych
8848Mount Everest
97%
8516Lhotse
65%
8100Annapurna
59%
8586K'angcz'endzönga
50%
8485Makalu
50%
8281Cho Oyu
47%
8126Nanga Parbat
38%
8163Manaslu
32%
8176Dhaulagiri
29%
8064Shishapangma
29%

Rozkład punktacji

Percentyl według liczby udzielonych odpowiedzi

Procent ludzi z każdym wynikiem

Twoja historia wyników

Nie rozwiązałeś tego quizu